[Event "Sautron op 16th"]
[Site "Sautron"]
[Date "2016.10.28"]
[Round "8.30"]
[White "Moine, Philippe"]
[Black "Hamel, Edouard"]
[Result "1/2-1/2"]
[WhiteElo "1890"]
[BlackElo "1462"]
[PlyCount "99"]
[EventDate "2016.10.22"]
[EventType "swiss"]
[EventRounds "9"]
[EventCountry "FRA"]
[SourceTitle "EXT 2019"]
[Source "ChessBase"]
[SourceDate "2018.10.10"]
[SourceVersion "1"]
[SourceVersionDate "2018.10.10"]
[SourceQuality "1"]

1. e4 e5 2. Nf3 Nc6 3. Bc4 Bc5 4. 0-0 Nf6 5. d3 0-0 6. Bg5 Re8 7. c3 Na5 8. b4 Nxc4 9. bxc5 Na5 10. Nbd2 d6 11. Qa4 b6 12. Bxf6 gxf6 13. cxd6 cxd6 14. d4 Kh8 15. Rfe1 Rg8 16. Nf1 Bg4 17. Re3 Rc8 18. N3d2 Qe7 19. Ng3 Bd7 20. Qd1 Bg4 21. Nf3 Nc4 22. Re1 Qf8 23. h3 Bd7 24. Rc1 Qh6 25. Nh2 Rcd8 26. Qf3 Qg5 27. Ng4 Rg6 28. Ne3 Nd2 29. Qe2 Nxe4 30. Nxe4 Qh4 31. Ng3 Rdg8 32. dxe5 fxe5 33. Qc4 Qf6 34. Qe4 Qf4 35. Qc2 Be6 36. Qe2 f5 37. Ngf1 Qh6 38. Qf3 e4 39. Qd1 Qxh3 40. Ng3 Qh6 41. Qd4+ R8g7 42. Qxd6 Qg5 43. Qb8+ Rg8 44. Qe5+ R8g7 45. Ne2 Rh6 46. Nf4 Qh4 47. Kf1 Bc8 48. Nxf5 Bxf5 49. Qxf5 Rf6 50. Qxe4 1/2-1/2